000 01678cam a22004814i 4500
003 PE-LiUPU
005 20250731173555.0
008 1994 sp
020 _a8425418542
035 _a(Sirsi) i9788425418549
035 _a(Sirsi) 20575
035 _a(Sirsi) 20575
082 0 4 _a200.19
_bG83
100 1 _aGrom, Bernhard,
_eautor.
245 1 0 _aPsicología de la Religión /
_cBernhard Grom ; [versión castellana de Marciano Villanueva].
264 1 _aBarcelona :
_bEd. Herder,
_c1994
300 _a476 páginas ;
_c22 centímetros
336 _atext
_2rdacontent
337 _aunmediated
_2rdamedia
338 _avolume
_2rdacarrier
500 _aTraducción de: Religionspsychologie
505 0 _aLa religión bajo la forma "nosotros": sus condicionantes básicamente psicosociales -- La religiosidad bajo la forma "yo": sus condicionantes básicamente psíquicos -- Anexos y bibliografía.
526 _aSEG42
526 _aSEG41
526 _aSEG40
526 _aSEG39
526 _aP94
526 _aP87
526 _aP86
526 _aP85
526 _aP77
526 _aP76
526 _aP35
650 1 4 _aPsicología de la religión.
942 _2ddc
_cBOOK
949 _a200.19 G83
_i43481
_lPOSTGRADO
_mBUL
_tLIBRO
_o.STAFF. Posgrado
859 _q43481
_h200.19
_iG83
910 _aaj-em
596 _a1
999 _a200.19 G83
_wDEWEY
_c61452
_i43481
_d61452
_e2017-6-9
_f2021-11-9
_g5
_lCCODEBUL1
_mBUL
_n2
_p10.00
_r0
_sY
_tBOOK
_u2015-6-16
_xTEOLOGIA
_PP35
_0COMPRA
_o.STAFF. Colección Teología
980 _81
_gALBERTO SANCHEZ Responsable de Automatización